Advertising : (Record no. 12263)
[ view plain ]
| 000 -LEADER | |
|---|---|
| fixed length control field | 00502pam a2200181 a 4500 |
| 020 ## - INTERNATIONAL STANDARD BOOK NUMBER | |
| ISBN | 0130162051 |
| 040 ## - CATALOGING SOURCE | |
| Transcribing agency | DLC |
| 082 00 - DEWEY DECIMAL CLASSIFICATION NUMBER | |
| Classification number | 659 PRE 1992 A042 Or. |
| 100 1# - MAIN ENTRY--AUTHOR NAME | |
| Personal name | Wells, William, |
| 245 10 - TITLE STATEMENT | |
| Title | Advertising : |
| Remainder of title | principles and practice / |
| 250 ## - EDITION STATEMENT | |
| Edition statement | 2nd ed. |
| 260 ## - PUBLICATION, DISTRIBUTION, ETC. (IMPRINT) | |
| Place of publication | Englewood Cliffs, N.J. : |
| Name of publisher | Prentice Hall, |
| Year of publication | c1992. |
| 300 ## - PHYSICAL DESCRIPTION | |
| Number of Pages | 1 v. (various pagings) : |
| Other physical details | ill. (some col.) ; |
| Dimensions | 28 cm. |
| 650 #0 - SUBJECT ADDED ENTRY--TOPICAL TERM | |
| Topical Term | Advertising. |
| 700 1# - ADDED ENTRY--PERSONAL NAME | |
| Personal name | Burnett, John, |
| 700 1# - ADDED ENTRY--PERSONAL NAME | |
| Personal name | Moriarty, Sandra E. |
| 942 ## - ADDED ENTRY ELEMENTS (KOHA) | |
| Koha item type | សៀវភៅភាសាអង់គ្លេស |
| 952 ## - LOCATION AND ITEM INFORMATION (KOHA) | |
| Withdrawn status [LOCAL, KOHA] | 0 |
| Permanent Location | Date acquired | Koha item type | Lost status | Shelving location | Barcode | Current Location | Full call number |
|---|---|---|---|---|---|---|---|
| Library Block A | 2017-08-11 | សៀវភៅភាសាអង់គ្លេស | A042 | A17264 | Library Block A | 659 PRE 1992 A042 Or. |